000 01258cam a2200133 4500500
005 20251214004316.0
041 _afre
042 _adc
100 1 0 _aMartin, Jessie
_eauthor
245 0 0 _aLe cinéma en couleurs
260 _bArmand Colin,
_c2013.
520 _aLa couleur est l’une des composantes essentielles du cinéma : noir et blanc ou Technicolor, colorisation ou outil d’expérimentation artistique, c’est elle qui donne aux films leur identité et affirme leurs caractéristiques esthétiques et sensorielles. Spectaculaire, symbolique, évocatrice, militante parfois, la couleur est bien partie prenante dans la mise en forme du film et dans le discours du cinéaste. Cet ouvrage retrace l’histoire des techniques cinématographiques de la couleur tout en décrivant leur fonctionnement et explore les différents usages et pratiques de la couleur au cinéma. Il propose également différentes approches esthétiques, notamment la relation que la couleur entretient avec le réel et sa représentation, la signification (langage, sémiotique, symbolique de la couleur) ou la signifiance (abstraction de la couleur).
856 4 1 _uhttps://shs.cairn.info/le-cinema-en-couleurs--9782200270322?lang=fr&redirect-ssocas=7080
999 _c1568413
_d1568413